书目信息 |
| 题名: |
中国广播电视史教程
|
|
| 作者: | 赵玉明 , 艾红红 著 | |
| 分册: | ||
| 出版信息: | 北京 中国广播影视出版社 2018 |
|
| 页数: | 261页 | |
| 开本: | 24cm | |
| 丛书名: | 中国传媒大学广播电视新闻系列教材 | |
| 单 册: | ||
| 中图分类: | G229.29 | |
| 科图分类: | ||
| 主题词: | 广播事业--guang bo shi ye--新闻事业史--高等学校--教材--中国 , 电视史--dian shi shi--高等学校--教材--中国 | |
| 电子资源: | ||
| ISBN: | 978-7-5043-8182-8 | |
| 000 | 01445nam 2200313 450 | |
| 001 | 012001010360 | |
| 005 | 20191125151810.01 | |
| 010 | @a978-7-5043-8182-8@dCNY46.00 | |
| 099 | @aCAL 012019060893 | |
| 100 | @a20190510d2018 em y0chiy50 ea | |
| 101 | 0 | @achi |
| 102 | @aCN@b110000 | |
| 105 | @ay a 000yy | |
| 106 | @ar | |
| 200 | 1 | @a中国广播电视史教程@Azhong guo guang bo dian shi shi jiao cheng@f赵玉明, 艾红红著 |
| 205 | @a第3版 | |
| 210 | @a北京@c中国广播影视出版社@d2018 | |
| 215 | @a261页@d24cm | |
| 225 | 2 | @a中国传媒大学广播电视新闻系列教材@Azhong guo chuan mei da xue guang bo dian shi xin wen xi lie jiao cai |
| 320 | @a有书目。 | |
| 330 | @a本书共有十一章, 主要内容: 第一章中国早期的广播事业 ; 第二章抗战前的广播事业 ; 第三章抗战时期的广播事业 ; 第四章解放战争时期的广播事业 ; 第五章向社会主义过渡时期的广播事业 ; 第六章初步探索建设社会主义道路时期的广播电视事业 ; 第七章“文化大革命”时期的广播电视事业 ; 第八章改革开放前后广播电视事业 ; 第九章全面改革时期的广播电视事业 ; 深化改革时期的广播电视事业 ; 第十一章香港、澳门和台湾的广播电视事业。 | |
| 410 | 0 | @12001 @a中国传媒大学广播电视新闻系列教材 |
| 606 | 0 | @a广播事业@Aguang bo shi ye@x新闻事业史@x高等学校@j教材@y中国 |
| 606 | 0 | @a电视史@Adian shi shi@x高等学校@j教材@y中国 |
| 690 | @aG229.29@v5 | |
| 701 | 0 | @a赵玉明@AZhao Yuming@4著 |
| 701 | 0 | @a艾红红@AAi Honghong@4著 |
| 801 | 0 | @aCN@b上海新华@c20191020 |
| 905 | @b1136513-6@dG229.29@e257=3@f4 | |
| 中国广播电视史教程/赵玉明, 艾红红著.-第3版.-北京:中国广播影视出版社,2018 |
| 261页;24cm.-(中国传媒大学广播电视新闻系列教材) |
| ISBN 978-7-5043-8182-8:CNY46.00 |
| 本书共有十一章, 主要内容: 第一章中国早期的广播事业 ; 第二章抗战前的广播事业 ; 第三章抗战时期的广播事业 ; 第四章解放战争时期的广播事业 ; 第五章向社会主义过渡时期的广播事业 ; 第六章初步探索建设社会主义道路时期的广播电视事业 ; 第七章“文化大革命”时期的广播电视事业 ; 第八章改革开放前后广播电视事业 ; 第九章全面改革时期的广播电视事业 ; 深化改革时期的广播电视事业 ; 第十一章香港、澳门和台湾的广播电视事业。 |
| ● |
| 相关链接 |
|
|
|
|
正题名:中国广播电视史教程
索取号:G229.29/257=3
 
预约/预借
| 序号 | 登录号 | 条形码 | 馆藏地/架位号 | 状态 | 备注 |
| 1 | 1136513 | 211365137 | 第一样本阅览室/ [索取号:G229.29/257=3] | 在馆 | |
| 2 | 1136514 | 211365146 | 第四借阅区/ [索取号:G229.29/257=3] | 在馆 | |
| 3 | 1136515 | 211365155 | 第四借阅区/ [索取号:G229.29/257=3] | 在馆 | |
| 4 | 1136516 | 211365164 | 第四借阅区/ [索取号:G229.29/257=3] | 在馆 |